SASUKE FINALステージ 全エリア - Statistics

General Stats
  • This quiz has been taken 69 times
  • The average score is 5 of 7
Answer Stats
Hint Answer % Correct
第1回〜第17回 第28回〜 綱登り
98%
第5回〜第17回 第29回〜第38回 スパイダークライム
79%
第32回〜 サーモンラダー15段
79%
第18回〜第24回 Gロープ
73%
第18回〜第24回 ヘブンリーラダー
62%
第39回〜 スピードクライミング
62%
第25回〜第27回 アルティメットロープクライム
48%
No matching quizzes found
Score Distribution
Percent of People with Each Score
Percentile by Number Answered
Your Score History
You have not taken this quiz